000 00735nam a2200181Ia 4500
008 100921s9999 xx 000 0 und d
082 _b38219
_a793.73 थ 91
100 _aचंपानेरकर मनोहर.
245 _aगणितातील कोडी आणि करामती.
260 _bजयदीप प्रकाशन,पुणे.
_c1991
300 _a31
_bमयुरेष बुक एजन्सी,कराड
365 _b10
520 _aकला-कोडी.
630 _aगणितातील कोडी आणि करामती.
650 _aकला-कोडी.
730 _aगणितातील कोडी आणि करामती.
942 _cBOOK
999 _c787332
_d787329